|
|
|
|
| LEADER |
00000nam a22000007a 4500 |
| 005 |
2019101507107.0 |
| 007 |
cr|||| |||| |
| 008 |
191015s2018 co |||||s|||| 00||0 spa d |
| 020 |
|
|
|a 978-958-760-111-4
|
| 035 |
|
|
|a 30540
|
| 040 |
|
|
|a vLex
|
| 090 |
|
|
|c 9828
|d 9828
|
| 100 |
1 |
|
|a Bautista Cr̀denas, Nelly Patricia
|
| 245 |
1 |
0 |
|a Formacin̤ de la ciudadana̕ en primera infancia en entornos de vulnerabilidad
|h [Recurso electrn̤ico] /
|c Nelly Patricia Bautista Cr̀denas, Deisy Hernǹdez Forero
|
| 256 |
|
|
|a Servicio en ln̕ea
|
| 260 |
|
|
|a Bogot:̀
|b Ediciones Universidad Cooperativa de Colombia,
|c 2018
|
| 300 |
|
|
|a 1 recurso electrn̤ico
|
| 506 |
1 |
|
|a Disponible solo en los productos indicados
|d vLex Global
|d vLex Global (Academic Edition, excluding Law Schools)
|d vLex Global (U.S. Academic Edition, Law Schools)
|d vLex Global (U.S. Academic Edition, excluding Law Schools)
|d vLex Global (Academic Edition, Law Schools)
|
| 650 |
0 |
4 |
|a Derecho Pb︢lico y Administrativo
|z Colombia
|
| 650 |
0 |
4 |
|a Derecho Civil
|z Colombia
|
| 700 |
1 |
|
|a Hernǹdez Forero, Deisy
|
| 740 |
0 |
|
|a vLex Libros (Servicio en ln̕ea)
|
| 856 |
4 |
0 |
|u http://vlex.com/source/formacion-ciudadania-primera-infancia-entornos-vulnerabilidad-30540
|z Acceso restringido
|
| 942 |
|
|
|c BOOK
|
| 999 |
0 |
|
|a Public and Administrative Law
|
| 999 |
0 |
|
|a Civil Law
|